Normal view
MARC view
Entry Personal Name
001 - CONTROL NUMBER
- control field: 20196
003 - CONTROL NUMBER IDENTIFIER
- control field: OSt
005 - DATE AND TIME OF LATEST TRANSACTION
- control field: 20260406212623.0
008 - FIXED-LENGTH DATA ELEMENTS
- fixed length control field: 260406|| aca||aabn | a|a d
040 ## - CATALOGING SOURCE
- Original cataloging agency: OSt
- Transcribing agency: OSt
100 ## - HEADING--PERSONAL NAME
- Personal name: Dela Cruz, Jenny Rose E., author
670 ## - SOURCE DATA FOUND
- Source citation: Work cat.: (OSt)5120: Dela Cruz, Jenny Rose E., author., Crafting complimentary marketing strategies: utilizing consumer-determinant paradigm /, 2024.
